Under one roof. The integration of schools and community services in OECD countries /

Gespeichert in:
Bibliographische Detailangaben
Körperschaft: Organisation for Economic Co-operation and Development, OECD (Paris, France) (UrheberIn)
Format: Buch
Sprache:Englisch
Veröffentlicht: Paris : OECD, 1998
Ausgabe:[1st ed.]
Schlagworte:
ISBN:9264161104
Online-Zugang: Volltext
Tags: Tag hinzufügen
Keine Tags, Fügen Sie den ersten Tag hinzu!

MARC

LEADER 00000nam a2200000 4500
003 SK-BrCVT
005 20220617194401.0
008 980901s1998 fr e ||||||eng d
020 |a 9264161104 
035 |a CVTIDW0946528 
040 |b slo  |a CVTI SR 
041 0 |a eng 
044 |a fr 
080 |a 37  |2 UDC-MRF 
110 0 |a Organisation for Economic Co-operation and Development, OECD (Paris, France)  |4 org 
242 1 0 |a Pod jednou strechou. Integrácia škôl a verejných služieb v krajinách OECD 
245 1 0 |a Under one roof. The integration of schools and community services in OECD countries /  |c Organisation for Economic Co-operation and Development 
250 |a [1st ed.] 
260 |a Paris :  |b OECD,  |c 1998 
300 |a 65 s. :  |b fotogr., obr. ; 
500 |a The programme on educational building papers 
653 1 |a celoživotné vzdelávanie 
692 |a GM OR JM MM 
910 |b A564982 
919 |a 92-64-16110-4 
974 |f Knihy 
992 |a APH 
999 |c 101626  |d 101626